Charlotta Garrigue Masaryková /

Hlavní autor: Polák, Stanislav, 1936-2017
Jazyk: Čeština
Vydáno: Praha : Mladá fronta, 1992
Vydání: 1. vyd.
Edice: Kdo je-- (Mladá fronta)
Externí odkaz: Digitalizovaný dokument
Fyzický popis: 44 s.
Knihy
Uloženo v:
LEADER 00972nam a2200277 a 4500
001 000439947
003 CZ BrMZK
005 20160614130659.0
007 ta
008 990305s1992 xr f cze d
015 |a cnb000069320 
035 |a (OCoLC)31233455 
040 |a BOA001  |b cze 
080 |a 342.511-058.833(437)"18/19":92 Masaryková Charlotta Garrigue  |2 MRF 
100 1 |a Polák, Stanislav,  |d 1936-2017  |7 jn20000710482  |4 aut 
245 1 0 |a Charlotta Garrigue Masaryková /  |c Stanislav Polák 
250 |a 1. vyd. 
260 |a Praha :  |b Mladá fronta,  |c 1992 
300 |a 44 s. 
490 1 |a Kdo je-- ;  |v sv. 5 
504 |a Obsahuje bibliografii 
830 0 |a Kdo je-- (Mladá fronta)  |0 s 
856 4 1 |u http://www.digitalniknihovna.cz/mzk/uuid/uuid:07c94970-485c-11e3-9c86-005056827e51  |y Digitalizovaný dokument  |x NDK 
910 |a BOA001  |b X-0977.201 
990 |a BK 
996 6 |b 2619761699  |c X-0977.201  |l MZK  |r Sklad / do 24 hodin  |n 12  |w 000439947  |u 000010  |a 1  |e BOA001  |j MZK50  |s P